Grit to greatness (Record no. 241294)
[ view plain ]
| 000 -LEADER | |
|---|---|
| fixed length control field | 00692nam a2200217 4500 |
| 003 - CONTROL NUMBER IDENTIFIER | |
| control field | St Aloysius Coll |
| 005 - DATE AND TIME OF LATEST TRANSACTION | |
| control field | 20260418165350.0 |
| 008 - FIXED-LENGTH DATA ELEMENTS--GENERAL INFORMATION | |
| fixed length control field | 260417b |||||||| |||| 00| 0 eng d |
| 020 ## - INTERNATIONAL STANDARD BOOK NUMBER | |
| International Standard Book Number | 9788198548696 |
| 040 ## - CATALOGING SOURCE | |
| Transcribing agency | AL |
| 041 ## - LANGUAGE CODE | |
| Language code of text/sound track or separate title | English |
| 082 ## - DEWEY DECIMAL CLASSIFICATION NUMBER | |
| Classification number | 658.421 |
| Item number | HANG |
| 100 ## - MAIN ENTRY--PERSONAL NAME | |
| Personal name | Basil Hans V |
| 9 (RLIN) | 262152 |
| 245 ## - TITLE STATEMENT | |
| Title | Grit to greatness |
| Remainder of title | : overcoming obstacles on the entrepreneurial journey |
| 260 ## - PUBLICATION, DISTRIBUTION, ETC. | |
| Place of publication, distribution, etc. | Ghaziabad |
| Name of publisher, distributor, etc. | P&P Academy |
| Date of publication, distribution, etc. | 2025 |
| 300 ## - PHYSICAL DESCRIPTION | |
| Extent | iv,140p. |
| Other physical details | PB |
| Dimensions | 21x13.5cm |
| 365 ## - TRADE PRICE | |
| Source of price type code | General |
| 520 ## - SUMMARY, ETC. | |
| Summary, etc. | The mindset of grit; Overcoming challenges; Strategies for Success; Stories of grit and greatness |
| 650 ## - SUBJECT ADDED ENTRY--TOPICAL TERM | |
| Source of heading or term | Technology |
| Topical term or geographic name entry element | Management |
| 9 (RLIN) | 262153 |
| 942 ## - ADDED ENTRY ELEMENTS (KOHA) | |
| Source of classification or shelving scheme | Dewey Decimal Classification |
| Koha item type | Book |
| Withdrawn status | Lost status | Source of classification or shelving scheme | Damaged status | Not for loan | Collection code | Home library | Current library | Date acquired | Total Checkouts | Full call number | Barcode | Date last seen | Koha item type |
|---|---|---|---|---|---|---|---|---|---|---|---|---|---|
| Dewey Decimal Classification | Management | St Aloysius PG Library | St Aloysius PG Library | 04/16/2026 | 658.421 HANG | PG025254 | 04/17/2026 | Book |